[Event "Narodni Open 2019"]
[Site "?"]
[Date "2019.11.01"]
[Round "8.1"]
[White "Holasek, Vit"]
[Black "Kurek, Pavel"]
[Result "0-1"]
[WhiteElo "1779"]
[BlackElo "1789"]
[PlyCount "102"]
[SourceVersionDate "2019.11.01"]

1. e4 c5 2. f4 d5 3. Bb5+ Bd7 4. Bxd7+ Qxd7 5. d3 Nc6 6. Nc3 e6 7. Nf3 Be7 8.
O-O h5 9. Ne5 Nxe5 10. fxe5 dxe4 11. Nxe4 Qd4+ 12. Kh1 Qxe5 13. Qf3 Nf6 14. Bf4
Qd5 15. c4 Qc6 16. Be5 Rh6 17. Nxf6+ Bxf6 18. Qxc6+ bxc6 19. Bxf6 Rxf6 20. Rxf6
gxf6 21. Rf1 Ke7 22. Rf3 f5 23. Kg1 Kf6 24. Kf2 e5 25. Rh3 Rh8 26. b3 h4 27.
Kf3 Kg5 28. g3 f4 29. a3 a5 30. gxf4+ exf4 31. Kf2 Rb8 32. d4 cxd4 33. c5 Rd8
34. Rd3 Kf5 35. Kf3 Rd5 36. b4 axb4 37. axb4 h3 38. Ke2 Kg4 39. Kf2 f5 40. Kf1
f3 41. Kf2 f4 42. Kf1 Rd8 43. Kf2 Re8 44. Rxd4 Re2+ 45. Kg1 Rg2+ 46. Kh1 f2 47.
Rd1 Kf3 48. b5 Ke2 49. Rc1 f1=Q+ 50. Rxf1 Kxf1 51. b6 Rg1# 0-1

[Event "Narodni Open 2019"]
[Site "?"]
[Date "2019.11.01"]
[Round "8.4"]
[White "Rezac, Josef"]
[Black "Horak, Vojtech"]
[Result "1/2-1/2"]
[WhiteElo "1520"]
[BlackElo "1608"]
[PlyCount "45"]
[SourceVersionDate "2019.11.01"]

1. c4 c5 2. g3 Nc6 3. Bg2 g6 4. e3 Bg7 5. Ne2 d6 6. Nbc3 Nf6 7. O-O O-O 8. d3
Ne8 9. Bd2 Nc7 10. a3 a5 11. Qc2 Bd7 12. Nd5 Nxd5 13. Bxd5 Qc7 14. Bc3 e5 15.
Qd2 Be6 16. Bg2 Rfd8 17. e4 Rdb8 18. a4 Rf8 19. b3 b6 20. Qb2 Rad8 21. f4 f5
22. Bh3 Qd7 23. exf5 1/2-1/2

[Event "Narodni Open 2019"]
[Site "?"]
[Date "2019.11.01"]
[Round "8.3"]
[White "Buk, Pavel"]
[Black "Seterle, Matej"]
[Result "0-1"]
[WhiteElo "1630"]
[BlackElo "1674"]
[PlyCount "66"]
[SourceVersionDate "2019.11.01"]

1. f4 e5 2. fxe5 d6 3. exd6 Bxd6 4. Nf3 g5 5. d4 g4 6. Ne5 Bxe5 7. dxe5 Qxd1+
8. Kxd1 Nc6 9. e4 Be6 10. Nc3 O-O-O+ 11. Bd3 Nge7 12. Bg5 Rd7 13. Ke2 Ng6 14.
Rhf1 Ngxe5 15. Bf6 Rg8 16. Rad1 a6 17. a4 Nd4+ 18. Ke3 Nxd3 19. cxd3 Nc2+ 20.
Ke2 Rg6 21. Be5 Bb3 22. Rd2 Nb4 23. Ke3 Re6 24. Bg3 Bc2 25. d4 Bb3 26. Rf5 Nc2+
27. Kf2 Nxd4 28. Rf4 h5 29. e5 c5 30. Re4 b5 31. axb5 axb5 32. Ke1 b4 33. Nb1
f5 0-1

[Event "Mistrovstvi Cech 2019 - HD12"]
[Site "Prichovice u Korenova"]
[Date "2019.11.01"]
[Round "8"]
[White "Levitner, Matej"]
[Black "Day, Tobias"]
[Result "0-1"]
[WhiteElo "1347"]
[BlackElo "1807"]
[EventDate "2019.10.26"]

1. e4 c5 2. Nc3 g6 3. f4 Bg7 4. Nf3 e6 5. Bc4 Nc6 6. O-O Nge7 7. d3 O-O 8. a3 d5
9. Ba2 a6 10. Qe1 Nd4 11. Nxd4 Bxd4+ 12. Kh1 dxe4 13. dxe4 Bg7 14. Be3 b6 15. Rd1
Qc7 16. Bc4 Bb7 17. Be2 Rad8 18. Bd2 b5 19. Bf3 b4 20. axb4 cxb4 21. Ne2 a5 22.
c3 b3 23. Qf2 a4 24. Be3 Rxd1 25. Rxd1 Rd8 26. Rxd8+ Qxd8 27. Nd4 Qa5 28. Qd2 Qa8
29. Qd3 Ba6 30. Qd2 Qc8 31. h3 h5 32. Qf2 Qc4 33. Be2 Qc8 34. Bf3 Qb8 35. Qd2 Kh7
36. Qf2 a3 37. Nxb3 Qxb3 38. bxa3 Qxc3 39. g4 hxg4 40. hxg4 Kg8 41. Kg2 Bb5 42.
Bc5 Nc6 43. f5 Qb2 0-1

[Event "Mistrovstvi Cech 2019 - HD12"]
[Site "Prichovice u Korenova"]
[Date "2019.11.01"]
[Round "8"]
[White "Veverka, Vladimir"]
[Black "Soucek, Jan"]
[Result "1/2-1/2"]
[WhiteElo "1513"]
[BlackElo "1705"]
[EventDate "2019.10.26"]

1. d4  d5  2. c4  c6
3. cxd5  cxd5  4. Nc3
Nc6  5. Nf3  Nf6
6. Bf4  Bg4  7. e3
Qb6  8. Qb3  Qxb3
9. axb3  e6  10. Ne5
Nxe5  11. Bxe5  a6
12. h4  Bf5  13. Be2
h6  14. f3  Rc8
15. Kf2  Rc6  16. Rhc1  Kd7
17. Na4  Bd6  18. Rxc6
bxc6  19. Nc5+  Bxc5
20. dxc5  Ra8  21. Rxa6
Rxa6  22. Bxa6  Bc2
23. b4  Ba4  24. g4
Ne8  25. f4  f6
26. Bc3  Nc7  27. Bd3  Nb5
28. Bxb5  Bxb5  29. g5
Ke7  30. Kf3  Bd3
31. Kg4  Be2+  32. Kg3
1/2-1/2

[Event "Mistrovstvi Cech 2019 - HD12"]
[Site "Prichovice u Korenova"]
[Date "2019.11.01"]
[Round "8"]
[White "Martirosyan, David"]
[Black "Barta, David"]
[Result "1-0"]
[WhiteElo "1441"]
[BlackElo "1478"]
[EventDate "2019.10.26"]

1. e4  e5  2. Nf3  Nf6
3. Nc3  Bb4  4. Bd3
O-O  5. a3  Bxc3
6. dxc3  d6  7. h3
b6  8. O-O  Bb7
9. Re1  Nbd7  10. b4  a5
11. Bb2  axb4  12. cxb4
Ra7  13. Nd2  Qa8
14. f3  Nh5  15. Nc4
Nf4  16. Ne3  g6
17. c4  Re8  18. Nd5
Bxd5  19. cxd5  Rc8
20. Bb5  Nb8  21. Qd2
Rd8  22. Rac1  f6
23. Rc3  c5  24. dxc6
Rc7  25. Rec1  Kg7
26. Kh2  Ne6  27. R3c2
Kf8  28. g3  g5
29. Qd5  Ke7  30. Bc4  Re8
31. Qxe6+  Kd8  32. Qxf6+
Rce7  33. c7+  Kxc7
34. Bd5+  Nc6  35. Rxc6+
Kd8  36. Rxd6#  1-0

[Event "Mistrovstvi Cech 2019 - HD12"]
[Site "Prichovice u Korenova"]
[Date "2019.11.01"]
[Round "8"]
[White "Zelba, Lukas"]
[Black "Hrbek, Jachym"]
[Result "1-0"]
[WhiteElo "1610"]
[BlackElo "1296"]
[EventDate "2019.10.26"]

1. Nf3 c5 2. c4  Nf6  3. g3  g6
4. Bg2  Bg7  5. Nc3
Nc6  6. d3  O-O
7. O-O  d6  8. Bd2  Bd7
9. a3  Rb8  10. Rb1
b6  11. Ne1  a6
12. b3  Qc7  13. Nc2  e6
14. e3  Ne7  15. e4
e5  16. Qc1  Rfe8
17. f3  h5  18. Bg5
Nh7  19. Bxe7  Rxe7
20. Nd5  Qd8  21. Nxe7+
Qxe7  22. Ne3  g5
23. Kh1  h4  24. g4
Qf6  25. Nd5  Qd8
26. Qd2  Nf8  27. Rb2
Ne6  28. Rfb1  Bc6
29. Ne3  b5  30. b4
Nf4  31. h3  Qd7
32. bxc5  dxc5  33. Nd5
Qd8  34. Bf1  Nxd5
35. cxd5  Be8  36. Rc2
Bf8  37. Qc1  Rc8
38. Qe3  f6  39. Qd2
Kg7  40. Rbc1  Kg6
41. Qe1  Qb6  42. Bg2
Bd6  43. f4  exf4
44. e5  Bxe5  45. Re2
Qd6  46. d4  Bxd4
47. Rxe8  Rxe8  48. Qxe8+
Kg7  49. Re1  Be5
50. Be4  c4  51. Qg6+
Kf8  52. Qh6+  Ke8
53. Qh8+  Qf8  54. Bg6+
Ke7  55. d6+  1-0

[Event "Mistrovstvi Cech 2019 - HD12"]
[Site "Prichovice u Korenova"]
[Date "2019.11.01"]
[Round "8"]
[White "Sedmihradsky, Tomas"]
[Black "Tichy, Tomas"]
[Result "0-1"]
[WhiteElo "1028"]
[BlackElo "1426"]
[EventDate "2019.10.26"]

1. Nf3 c5 2. g3 Nf6 3. Bg2 g6 4. d3 Bg7 5. e4 O-O 6. c3 Nc6 7. Be3 b6 8. Nbd2 d5
9. Qc2 Bb7 10. exd5 Nxd5 11. O-O Nf6 12. Nh4 Na5 13. Bxb7 Nxb7 14. Ne4 Nxe4 15.
dxe4  Qc7  16. f4  Rad8
17. Rad1  Na5  18. b3
Nc6  19. Nf3  Rxd1
20. Rxd1  Rd8  21. e5
f6  22. exf6  exf6
23. Rxd8+  Qxd8  24. Kf2
f5  25. Qd2  Qxd2+
26. Bxd2  Bf6  27. Ke3
Kf7  28. Kd3  Na5
29. b4  c4+  30. Kc2
Nb7  31. Be3  Nd6
32. Nd4  Bxd4  33. Bxd4
Ke6  34. a4  Nc8
35. Kd2  Kd6  36. Be5+
Kd5  37. Ke3  a6
38. h3 h6  39. g4  fxg4
40. hxg4  b5  41. a5
Ne7  42. Bf6  Nc6
43. f5  gxf5  44. gxf5
Nb8  45. Bg7 h5 46. Kf4  Nd7
47. Kg5  Ke4  48. f6
h4  49. f7  h3
50. Be5  Kxe5  51. f8=Q  Nxf8
52. Kg4  h2  53. Kg3
h1=Q  54. Kf2  Qh2+
55. Ke3  Qg3+  56. Kd2
Qd3+  57. Kc1  Qe2
58. Kb1  Ke4  59. Ka1
Kd3  60. Kb1  Kxc3
0-1

[Event "Mistrovstvi Cech 2019 - HD12"]
[Site "Prichovice u Korenova"]
[Date "2019.11.01"]
[Round "8"]
[White "Roubal, Matyas"]
[Black "Vana, Jan"]
[Result "1-0"]
[WhiteElo "1256"]
[BlackElo "1268"]
[EventDate "2019.10.26"]

1. e4  d5  2. exd5  Qxd5
3. Nc3  Qa5  4. d4
c6  5. Nf3  Bg4
6. h3  Bh5  7. g4  Bg6
8. Bd2  Qc7  9. Bc4
Nd7  10. Qe2  e6
11. d5  Ne7  12. dxe6
fxe6  13. O-O-O  O-O-O
14. Qxe6 b5  15. Be2  Kb7
16. Be3 h5  17. gxh5  Rxh5
18. Ng5  Bf5  19. Bxh5
Bxe6  20. Nxe6  Qe5
21. Nxd8+  Kc7  22. Bg4
Kxd8  23. Rhe1  Qf6
24. Rxd7+  Ke8  25. Ne4
1-0

[Event "Mistrovstvi Cech 2019 - HD12"]
[Site "Prichovice u Korenova"]
[Date "2019.11.01"]
[Round "8"]
[White "Vysinsky, Otakar"]
[Black "Dudkova, Josefina"]
[Result "1/2-1/2"]
[WhiteElo "1422"]
[BlackElo "1432"]
[EventDate "2019.10.26"]

1. e4  d5  2. exd5  Nf6
3. d4  Nxd5  4. Nf3
Bg4  5. Be2  Nc6
6. c4  Nb6  7. d5
Bxf3  8. Bxf3  Ne5
9. b3  c6  10. Nc3
cxd5  11. Nxd5  Nxf3+
12. Qxf3  Nxd5  13. cxd5
Qd7  14. Bb2  e6
15. O-O  Qxd5  16. Qxd5
exd5  17. Rfe1+  Kd7
18. Rad1  Bb4  19. Re5
f6  20. Rexd5+  Kc6
21. Rd7  Rhg8  22. R7d4
a5  23. Rc4+  Kb6
24. a3  Be7  25. a4
Rgd8  26. Bd4+  Ka6 1/2-1/2

[Event "Mistrovstvi Cech 2019 - HD12"]
[Site "Prichovice u Korenova"]
[Date "2019.11.01"]
[Round "8"]
[White "Belaska, Vaclav"]
[Black "Tesar, Jakub"]
[Result "0-1"]
[WhiteElo "1339"]
[BlackElo "1626"]
[EventDate "2019.10.26"]

1. d4  d5  2. c4  e6
3. Nc3  Nf6  4. Bg5
Nbd7  5. e3  c6
6. Nf3  Be7  7. Bd3  O-O
8. Bxf6  Nxf6  9. Qc2
h6  10. c5  b6
11. cxb6  axb6  12. O-O  Ba6
13. Ne5  Bxd3  14. Qxd3
c5  15. Nc6  Qc7
16. Nxe7+  Qxe7  17. b3
Rfc8  18. Rac1  Ra3
19. Qb1  Qd7  20. Na4
Qb5  21. Qb2  Rxa4
22. a3  Ra7  23. b4
Rac7  0-1

[Event "Mistrovstvi Cech 2019 - HD12"]
[Site "Prichovice u Korenova"]
[Date "2019.11.01"]
[Round "8"]
[White "Bouska, Jiri"]
[Black "Stein, Michael"]
[Result "1-0"]
[WhiteElo "1457"]
[BlackElo "1084"]
[EventDate "2019.10.26"]

1. e4  c5  2. Nf3  e6
3. d4  cxd4  4. Nxd4
a6  5. Nc3  Qc7
6. a4  d6  7. Be3  Nf6
8. Be2  Nbd7  9. O-O
Be7  10. f3  b6
11. Qe1  O-O  12. Qf2  Bb7
13. Kh1  Rac8  14. Nb3
Rfe8  15. Rfd1  Nc5
16. Nd4  h6  17. g4
d5  18. exd5  Nxd5
19. Nxd5  Bxd5  20. Bf1
Nd7  21. Bxa6  Ra8
22. Bf1  Nf6  23. Bg2
Rac8  24. c3  Nd7
25. Nb5  Qb7  26. f4
Nf6  27. h3  Bxg2+
28. Qxg2  Qxg2+  29. Kxg2
Nd5  30. Kf3  Nxe3
31. Kxe3  Bc5+  32. Ke4
Rcd8  33. b4  Be7
34. a5  bxa5  35. bxa5
Rxd1  36. Rxd1  Ra8
37. Ra1  Bd8  38. a6
Bb6  39. a7  Kf8
40. c4  Ke7  41. Rd1
1-0

[Event "Mistrovstvi Cech 2019 - HD12"]
[Site "Prichovice u Korenova"]
[Date "2019.11.01"]
[Round "8"]
[White "Dusanek, Michal"]
[Black "Janouskova, Adela"]
[Result "0-1"]
[WhiteElo "1467"]
[BlackElo "1257"]
[EventDate "2019.10.26"]
[PlyCount "76"]

1. e4 c5 2. Nf3 Nc6 3. d4 cxd4 4. Nxd4 Nf6 5. Nc3 e5 6. Ndb5 d6 7. f3 a6 8. Na3
Be7 9. Be3 O-O 10. Be2 b5 11. Nd5 Nxd5 12. Qxd5 Bb7 13. O-O Qc7 14. Qd2 Rfd8
15. Rad1 Rac8 16. c4 b4 17. Nc2 a5 18. b3 Rb8 19. Bf2 h6 20. Ne3 Bg5 21. h4
Bxe3 22. Bxe3 Qe7 23. g3 Qe6 24. Kh2 Bc8 25. Kg1 Qh3 26. Rf2 Kh7 27. Rg2 f5 28.
Bf2 fxe4 29. g4 Nd4 30. fxe4 Nf3+ 31. Bxf3 Qxf3 32. Qd3 Bxg4 33. Rd2 h5 34. Rg3
Qf6 35. Qd5 Qxh4 36. Rgd3 Qg5 37. Qxa5 Bf3+ 38. Kf1 Qg2+ 0-1

[Event "Mistrovstvi Cech 2019 - HD12"]
[Site "Prichovice u Korenova"]
[Date "2019.11.01"]
[Round "8"]
[White "Jun, Robert"]
[Black "Pressler, Tobias"]
[Result "0-1"]
[WhiteElo "1320"]
[BlackElo "1550"]
[PlyCount "94"]
[EventDate "2019.10.26"]

1. e4 c5 2. c3 d6 3. d4 cxd4 4. cxd4 Nf6 5. Nc3 g6 6. Nf3 Bg7 7. Bc4 O-O 8. Bb3
Nc6 9. h3 Bd7 10. O-O a6 11. Re1 b5 12. Qc2 Rc8 13. Qd3 Nb4 14. Qe2 Qb6 15. a3
Nc6 16. Be3 Na5 17. Bd5 Bc6 18. e5 Nxd5 19. Nxd5 Bxd5 20. exd6 exd6 21. Rac1
Nb3 22. Rxc8 Rxc8 23. Qd1 Na5 24. Re2 Qc6 25. Re1 Nc4 26. b3 Nxe3 27. fxe3 Bxf3
28. Qxf3 Qxf3 29. gxf3 Rc3 30. a4 Rxb3 31. axb5 axb5 32. Kf2 Bf6 33. Rd1 Kf8
34. e4 b4 35. Rd2 Rc3 36. Kg2 b3 37. d5 Rc2 38. Rxc2 bxc2 39. f4 c1=Q 40. e5
dxe5 41. fxe5 Bxe5 42. d6 Qe1 43. d7 Ke7 44. d8=Q+ Kxd8 45. h4 Qg3+ 46. Kf1
Qf3+ 47. Ke1 Bc3# 0-1

[Event "Mistrovstvi Cech 2019 - HD12"]
[Site "Prichovice u Korenova"]
[Date "2019.11.01"]
[Round "8"]
[White "Bartak, Josef"]
[Black "Marsik, Ondrej"]
[Result "1-0"]
[WhiteElo "1425"]
[BlackElo "1304"]
[EventDate "2019.10.26"]
[PlyCount "83"]

1. e4 d6 2. d4 Nf6 3. Nc3 g6 4. Nf3 Bg7 5. Bf4 O-O 6. Be2 b6 7. O-O Bb7 8. Bd3
c5 9. d5 e5 10. Bg5 Nbd7 11. Nd2 Qc7 12. Nb5 Qb8 13. Nc4 Ne8 14. Be7 a6 15. Nc3
b5 16. Ne3 Nef6 17. Bxf8 Bxf8 18. b3 Qc7 19. Ng4 Bg7 20. Nxf6+ Nxf6 21. a4 Qa5
22. Ne2 Qb4 23. c3 Qa5 24. axb5 Qb6 25. bxa6 Bxa6 26. Bxa6 Rxa6 27. Rxa6 Qxa6
28. Ng3 Qa5 29. Qa1 Qb5 30. Qa3 Qd3 31. Ra1 h6 32. Qa8+ Bf8 33. Qd8 Nh7 34. Ra8
Kg7 35. Ra7 Qxc3 36. Qd7 Qc1+ 37. Nf1 Qf4 38. g3 Ng5 39. gxf4 exf4 40. h4 Nf3+
41. Kh1 Ne5 42. Qb7 1-0

[Event "Mistrovstvi Cech 2019 - HD12"]
[Site "Prichovice u Korenova"]
[Date "2019.11.01"]
[Round "8"]
[White "Tegda, Vojtech"]
[Black "Bukvaj, Martin"]
[Result "1-0"]
[WhiteElo "1279"]
[BlackElo "1329"]
[PlyCount "41"]
[EventDate "2019.10.26"]

1. e4 d5 2. exd5 Nf6 3. d4 Nxd5 4. Bc4 Nb6 5. Bb3 Nc6 6. Nf3 Bg4 7. Be3 e6 8.
O-O Be7 9. Nbd2 Nxd4 10. Bxd4 Qxd4 11. Nxd4 Bxd1 12. Raxd1 O-O 13. N2f3 Bf6 14.
c3 a6 15. Rfe1 Rfe8 16. h3 h6 17. a4 Re7 18. a5 Nd7 19. Bc2 b6 20. Nc6 Ree8 21.
Rxd7 1-0

[Event "Mistrovstvi Cech 2019 - HD12"]
[Site "Prichovice u Korenova"]
[Date "2019.11.01"]
[Round "8"]
[White "Hejda, Ondrej"]
[Black "Svoboda, Daniel"]
[Result "0-1"]
[WhiteElo "1355"]
[BlackElo "1462"]
[PlyCount "100"]
[EventDate "2019.10.26"]

1. e4 c5 2. Nf3 d6 3. Bb5+ Bd7 4. Bxd7+ Qxd7 5. Nc3 Nc6 6. d3 Nf6 7. Be3 g6 8.
O-O Bg7 9. h3 a6 10. Qd2 O-O 11. Bh6 e6 12. Bxg7 Kxg7 13. Rfe1 Nd4 14. Nxd4
cxd4 15. Ne2 e5 16. Ng3 Rac8 17. Ne2 Nh5 18. c3 dxc3 19. Nxc3 Nf4 20. Ne2 Nxe2+
21. Qxe2 f5 22. d4 f4 23. dxe5 dxe5 24. Qf3 Qe6 25. b3 Rc2 26. Rac1 Rfc8 27.
Rxc2 Rxc2 28. Ra1 Qc6 29. Qg4 Qxe4 30. Qd7+ Kh6 31. Qg4 Rc7 32. Rd1 Qc6 33. Re1
Qc5 34. Qh4+ Kg7 35. Qg5 Re7 36. Rd1 Rf7 37. Rd8 Qe7 38. Qxe7 Rxe7 39. Kf1 Kf6
40. Ke2 Rc7 41. Rf8+ Kg5 42. Re8 Kf5 43. g4+ fxg3 44. fxg3 Ke4 45. Rh8 Rc2+ 46.
Kd1 Rxa2 47. Rxh7 Rg2 48. Rxb7 Rxg3 49. Ra7 Rxb3 50. Rxa6 Kf5 0-1

[Event "Mistrovstvi Cech 2019 - HD12"]
[Site "Prichovice u Korenova"]
[Date "2019.11.01"]
[Round "8"]
[White "Slosar, Jan"]
[Black "Popov, Roman"]
[Result "0-1"]
[WhiteElo "1173"]
[BlackElo "1461"]
[PlyCount "100"]
[EventDate "2019.10.26"]

1. d4 d5 2. Nf3 Nf6 3. Bf4 Nh5 4. Bd2 g6 5. c4 c6 6. Nc3 a6 7. e4 dxe4 8. Nxe4
Nd7 9. Bd3 Nhf6 10. Bc3 Bg7 11. O-O O-O 12. h3 Nxe4 13. Bxe4 Nf6 14. Bd3 Qc7
15. Re1 e6 16. Rc1 Qb8 17. Ne5 Nd7 18. Nf3 b5 19. b3 Bb7 20. b4 Nb6 21. c5 Nd5
22. Bb2 Nxb4 23. Bb1 Rd8 24. a3 Nd5 25. Ng5 Bh6 26. Qg4 Qf4 27. Qxf4 Nxf4 28.
Ne4 Bg7 29. Rcd1 Rd7 30. Rd2 Rad8 31. Red1 h6 32. h4 f5 33. Nd6 Bf8 34. Nxb7
Rxb7 35. Ba2 Kf7 36. Re1 Rc8 37. Bb3 Bg7 38. a4 Nd5 39. g3 b4 40. Kg2 Nc3 41.
f3 Nd5 42. Kh2 a5 43. Kg2 Rd7 44. Kf2 Nc3 45. Bxc3 bxc3 46. Rde2 Bxd4+ 47. Kg2
Re7 48. Rd1 Bxc5 49. Rd3 Bb4 50. Rd4 c5 0-1

[Event "Mistrovstvi Cech 2019 - HD14"]
[Site "Prichovice u Korenova"]
[Date "2019.11.01"]
[Round "8"]
[White "Vilimek, Vit"]
[Black "Hak, David"]
[Result "0-1"]
[WhiteElo "1631"]
[BlackElo "2018"]
[EventDate "2019.10.26"]

1. e4  c5  2. b4  d5
3. exd5  cxb4  4. a3
Qxd5  5. Nf3  Bg4
6. Be2  Bxf3  7. Bxf3
Qe5+  8. Qe2  Qxa1
9. Bxb7  Qxb1  10. Qc4
Nd7  11. Bxa8  e6
12. Qc8+  Ke7  13. O-O
b3  14. d3  Qxc2
15. Bc6  Ngf6  16. Bf4
Qxd3  17. Qb7  Qd4
18. Bc7  b2  19. Qa8
Nb6  20. Qxa7  Nfd7
21. Bxd7  Qxd7  22. Qxb6
f6 23. Bg3  Kf7  24. Qxb2
Be7  25. h3  Ra8
26. Ra1  Qd3  27. a4
Rxa4  28. Rxa4  Qd1+
29. Kh2  Qxa4  30. Qb7
Qd4  31. Qb1  h5
32. Qh7 Qd5 33. Qc2  Bd6  34.
Qe2  Bxg3+  35. Kxg3  h4+ 36. Kh2
Qe5+  37. Qxe5  fxe5  38. g4
Kf6  39. Kg2  e4
40. Kf1  Ke5  41. Ke1
Kf4  42. Ke2  g5
43. Ke1  Kf3  44. Kf1
e3  0-1

[Event "Mistrovstvi Cech 2019 - HD14"]
[Site "Prichovice u Korenova"]
[Date "2019.11.01"]
[Round "8"]
[White "Smolik, Jachym"]
[Black "Werner, Hong Quan Dan"]
[Result "1-0"]
[WhiteElo "1900"]
[BlackElo "1699"]
[EventDate "2019.10.26"]

1. d4  Nf6  2. Nf3  g6
3. c4  Bg7  4. Nc3
O-O  5. e4  d6
6. Be2  e5  7. d5  Nbd7
8. Bg5  h6  9. Bh4
a5  10. Nd2  Re8
11. f3  g5  12. Bf2
Nh5  13. g3  Nhf6
14. h4  Nc5  15. hxg5
hxg5  16. Be3  Nfd7
17. Qc2  Na6  18. a3
Ndc5  19. O-O-O  Bd7
20. Rh5  f6  21. Rg1
Kf7  22. f4  Nb4
23. axb4  axb4  24. Ncb1
b3  25. Qd1  Bg4
26. Bxc5  Bxe2  27. Qxe2
dxc5  28. fxg5  Ra2
29. gxf6  Qa8  30. Nxb3
Qa4  31. fxg7  Qxb3
32. Rf1+  Ke7  33. Rxe5+
Kd6  34. Rxe8  Rxb2
35. e5+  Kd7  36. Rf7+
Kxe8  37. g8=Q# 1-0

[Event "Mistrovstvi Cech 2019 - HD14"]
[Site "Prichovice u Korenova"]
[Date "2019.11.01"]
[Round "8"]
[White "Jirasko, Miroslav"]
[Black "Hlavina, Matous"]
[Result "1/2-1/2"]
[WhiteElo "1640"]
[BlackElo "1983"]
[EventDate "2019.10.26"]

1. e4  e6  2. d4  d5
3. Bd3  c5  4. exd5
exd5  5. Nf3  Nf6
6. O-O  c4  7. Be2
Bd6  8. b3  cxb3
9. axb3  O-O  10. c4
Nc6  11. Bg5  Be7
12. Nc3  Be6  13. Bf4
a6  14. Ne5  Rc8
15. c5  Nxe5  16. Bxe5
Nd7  17. Bg3  f5
18. f4  Bf6  19. b4
Nb8  20. Bf2  Nc6
21. Rb1  Na7  22. Na4
Qc7  23. Nb6  Rb8
24. g3  Nc8  25. Na4
Bd7  26. b5  axb5
27. Bxb5  Bc6  28. Rb4
Na7  29. Bd3  g6
30. Qb3  Rfd8  31. Nb6
Nc8  32. Rb1  Nxb6
33. Rxb6  Ra8  34. Bb5
Ra7  35. Bxc6  bxc6
36. Qe3  Kf7  37. Re1
Qd7  38. Qb3  Qc7
39. Qe3  Qd7  40. Qb3
Rda8  41. Qb2  Bd8
42. Rb8  Qc7  43. Rb4
Bf6  44. Qe2  Qd7
45. Rb6  Bd8  46. Rb3
Ra2  47. Qd3  Ra1
48. Rbb1  Rxb1  49. Rxb1
Qc7  50. Qb3  Ra7
51. Qb2  Qc8  52. Ra1
Rxa1+  53. Qxa1  Qb7
54. Qa4  Bf6  55. Kg2
Ke7  56. Qa2  Kd7
57. Qe2  Qb1  58. Qd2
h6  59. Qc3  Qe4+
60. Kg1  g5  61. fxg5
hxg5  62. Qb2  Bd8
63. Qb8  Qe6  64. Qb1
f4  65. Qh7+  Be7
66. Qb1  f3  67. Qb7+
Ke8  68. Qb3  g4
69. Qe3  Qe4  70. h3
Qb1+  71. Qe1  Qxe1+ 72. Bxe1
Bf6  73. Bf2  Kf7
74. Be3  gxh3  75. Kh2
Bg5  76. Bf2  Kg6
77. g4  Bf4+  78. Kxh3
Kg5  79. Bh4+  Kg6
80. Bf2  Kg5  81. Bh4+
Kh6  82. Bf2  1/2-1/2

[Event "Mistrovstvi Cech 2019 - HD14"]
[Site "Prichovice u Korenova"]
[Date "2019.11.01"]
[Round "8"]
[White "Zelbova, Lada"]
[Black "Winter, Ondrej"]
[Result "1-0"]
[WhiteElo "1571"]
[BlackElo "1806"]
[EventDate "2019.10.26"]

1. e4  c5  2. Nf3  Nc6
3. d3  g6  4. g3
Bg7  5. Bg2  e6
6. O-O  Nge7  7. Re1  d5
8. e5  O-O  9. Nbd2
Qc7  10. Qe2  Nf5
11. c3  b6  12. Nf1
Ba6  13. h4  Rae8
14. Bf4  Qd7  15. g4
Nfe7  16. g5  b5
17. d4  cxd4  18. cxd4
Nf5  19. Qd2  Rb8
20. N1h2  Rfc8  21. Ng4
Rb6  22. Nf6+  Bxf6
23. gxf6  Kf8  24. Bh6+
Ke8  25. Bh3  Kd8
26. Bxf5  gxf5  27. Bf8
Qe8  28. Bd6  Kd7
29. Kh1  Qh8  30. Rg1
Rg8  31. Rxg8  Qxg8
32. Rg1  Qc8  33. Rg7
Nd8  34. Bc5  Rc6
35. b4  Rxc5  36. dxc5
Bb7  37. Qd3  d4
38. Qxd4+  Bd5  39. Kh2
Kc7  40. Ng5  Kc6
41. Nxf7  Nxf7  42. Rxf7
Qe8  43. Rg7  Qh5
44. f7  Qf3  45. Rg1
Be4  46. Qd6+  Kb7
47. Qd7+  Ka6  48. Qc8+
Bb7  49. Qxe6+  Bc6
50. Qxc6+  1-0

[Event "Mistrovstvi Cech 2019 - HD14"]
[Site "Prichovice u Korenova"]
[Date "2019.11.01"]
[Round "8"]
[White "Vaclavik, Jan"]
[Black "Prochazka, Vojtech"]
[Result "0-1"]
[WhiteElo "1797"]
[BlackElo "1763"]
[EventDate "2019.10.26"]

1. Nf3 Nf6 2. g3 d5 3. Bg2 c5 4. O-O g6 5. c4 Bg7 6. d4 O-O 7. cxd5 Nxd5 8. e4
Nb4 9. d5 f5 10. a3 fxe4 11. axb4 exf3 12. Bxf3 cxb4 13. Re1 Nd7 14. Bg5 Bf6 15.
Bh6 Re8 16. Bf4 Nb6 17. Qb3 Kg7 18. Nd2 g5 19. Be3 a5 20. Rad1 Nd7 21. Ne4 h6 22.
Qc2 Ne5 23. Bh5 Bg4 24. Bxg4 Nxg4 25. Bd4 Bxd4 26. Rxd4 Rc8 27. Qe2 Nf6 28. Nd2
Rc5 29. Qf3 Rxd5 30. Rxd5 Qxd5 31. Ne4 Nxe4 32. Rxe4 Qf7 33. Qe3 e6 34. Qd4+ Qf6
35. Qd2 Rd8 36. Qe2 Re8 37. Qd2 Rf8 38. Qe2 Re8 39. Qd2 Re7 40. Qe2 e5 41. Qe3
Qd6 42. Kg2 Qc6 43. Kg1 Qd6 44. Kg2 Qd5 45. Kg1 Qd1+ 46. Kg2 Qd5 47. Kg1 Re6 48.
Kf1 b6 49. Kg1 Qc5 50. Qe2 b5 51. Qe1 Kf6 52. Kg2 Rd6 53. Qe2 Rd4 54. Re3 Qd5+
0-1

[Event "Mistrovstvi Cech 2019 - HD14"]
[Site "Prichovice u Korenova"]
[Date "2019.11.01"]
[Round "8"]
[White "Stocek, Martin"]
[Black "Sulcova, Tereza Radmila"]
[Result "1-0"]
[WhiteElo "1726"]
[BlackElo "1369"]
[EventDate "2019.10.26"]

1. d4  Nf6  2. c4  g6
3. Nc3  d5  4. Bf4
Bg7  5. e3  O-O
6. Nf3  e6  7. Bd3  a5
8. O-O  Na6  9. Rc1
c5  10. dxc5  Nxc5
11. Be2  Nfe4  12. Be5
Bxe5  13. Nxe5  Nxc3
14. Rxc3  Ne4  15. Rd3
Qc7  16. f4  Qc5
17. cxd5  exd5  18. Qb3
Be6  19. Bg4  Bxg4
20. Nxg4  Qc8  21. Qxd5
Qxg4  22. Qxe4  Qe2
23. Rb3  b5  24. Qd3
Qxd3  25. Rxd3  b4
26. f5  Ra7  27. Rf4
Rc8  28. Rd2  Rb7
29. Rfd4  Rcc7  30. Rd5
a4  31. Ra5  Ra7 32. Rxa7
Rxa7  33. fxg6  hxg6
34. Rd4  Rb7  35. h3
Kg7  36. Kh2  Kh6
37. Kg3  f6  38. Kf3
Rb5  39. Ke4  b3
40. Rxa4  bxa2  41. Rxa2
Rb3  42. Kd4  Kg5
43. e4  Kf4  44. Kc4
Rb8  45. b4  Kxe4
46. Re2+  Kf4  47. Re6
Kf5  48. Rc6  Ke5
49. b5  g5  50. b6
f5  51. Kb5  Kf4
52. Rc3  Rd8  53. b7
Rb8  54. Kb6  g4
55. hxg4  Kxg4  56. Ka7
Rxb7+  57. Kxb7  f4
58. Kc6  1-0

[Event "Mistrovstvi Cech 2019 - HD14"]
[Site "Prichovice u Korenova"]
[Date "2019.11.01"]
[Round "8"]
[White "Dolensky, Filip"]
[Black "Soucek, Petr"]
[Result "1-0"]
[WhiteElo "1609"]
[BlackElo "1816"]
[EventDate "2019.10.26"]

1. e4 e6 2. d3 d5 3. Nd2 c5 4. Ngf3 Nf6 5. g3 Nc6 6. Bg2 g6 7. O-O Bg7 8. Re1 O-O
9. Qe2 b6 10. Nf1 h6 11. h4 dxe4 12. dxe4 Qe7 13. c3 Bb7 14. N3d2 Rad8 15. Ne3
Ne5 16. Rd1 Qc7 17. f4 Nc6 18. e5 Ne8 19. Ne4 Ne7 20. Rxd8 Qxd8 21. Nf6+ Bxf6 22.
Bxb7 Bg7 23. Be4 Nf5 24. Nxf5 exf5 25. Bc2 Nc7 26. Qc4 Qe7 27. Be3 Kh7 28. h5 Rd8
29. hxg6+ fxg6 30. Rd1 Rxd1+ 31. Bxd1 Qd7 32. Bb3 Qe8 33. Kf2 Bf8 34. Qg8# 1-0